Southville International School and Colleges
Your cart is empty.
  • Cart
  • Lists
    Public lists Eva Luna New books Lux_list list_1
    Your lists Log in to create your own lists
  • Log in to your account
  • Your cookies
  • Search history
Southville International School and Colleges
  • Advanced search
  • Recent comments
  • Most popular
  • Libraries

Log in to your account

Log in with GOOGLE


If you do not have an external account, but do have a local account, you can still log in:

  1. Home
  2. MARC view: Nursing education /
Normal view MARC view ISBD view

Nursing education / (Record no. 23898)

[ view plain ]
MARC details
000 -LEADER
fixed length control field 00599nam a2200217 a 4500
005 - DATE AND TIME OF LATEST TRANSACTION
control field 20140310183501.0
008 - FIXED-LENGTH DATA ELEMENTS--GENERAL INFORMATION
fixed length control field 100304s19uu xx 00 eng d
020 ## - INTERNATIONAL STANDARD BOOK NUMBER
International Standard Book Number 81-8061-169-8
050 ## - LIBRARY OF CONGRESS CALL NUMBER
Classification number RT 73
Item number .B297 2003
100 ## - MAIN ENTRY--PERSONAL NAME
Personal name Basavanthappa, BT
245 ## - TITLE STATEMENT
Title Nursing education /
Statement of responsibility, etc BT Basavanthappa.
260 ## - PUBLICATION, DISTRIBUTION, ETC. (IMPRINT)
Place of publication, distribution, etc New Delhi :
Name of publisher, distributor, etc Jaypee Brothers,
Date of publication, distribution, etc c2003.
300 ## - PHYSICAL DESCRIPTION
Extent 705 p. :
Dimensions 28 cm.
500 ## - GENERAL NOTE
General note Includes Index.
521 ## - TARGET AUDIENCE NOTE
Target audience note
650 ## - SUBJECT ADDED ENTRY--TOPICAL TERM
Topical term or geographic name as entry element Nursing
General subdivision Education.
650 ## - SUBJECT ADDED ENTRY--TOPICAL TERM
Topical term or geographic name as entry element Nursing
General subdivision Profession.
650 ## - SUBJECT ADDED ENTRY--TOPICAL TERM
Topical term or geographic name as entry element Nursing
General subdivision Study and teaching.
942 ## - ADDED ENTRY ELEMENTS (KOHA)
Koha item type Books
Source of classification or shelving scheme Library of Congress Classification
Call number prefix Foreign
Holdings
Withdrawn status Lost status Source of classification or shelving scheme Damaged status Home library Current library Shelving location Date acquired Cost, normal purchase price Total Checkouts Full call number Barcode Date last seen Price effective from Koha item type
    Library of Congress Classification   College Library College Library General Circulation Section 03/04/2010 1176.00   RT 73 .B297 2003 C11130 05/15/2018 10/18/2013 Books

Nursing education /

APA

Basavanthappa B., . (2003). Nursing education. New Delhi: Jaypee Brothers.

Chicago

Basavanthappa BT, . 2003. Nursing education. New Delhi: Jaypee Brothers.

Harvard

Basavanthappa B., . (2003). Nursing education. New Delhi: Jaypee Brothers.

MLA

Basavanthappa BT, . Nursing education. New Delhi: Jaypee Brothers. 2003.

  • Place hold
  • Print
  • Cite
  • Add to your cart (remove)
  • Save record
    BIBTEX Dublin Core MARCXML MARC (non-Unicode/MARC-8) MARC (Unicode/UTF-8) MARC (Unicode/UTF-8, Standard) MODS (XML) RIS
  • More searches
    Search for this title in:
    Other Libraries (WorldCat) Other Databases (Google Scholar) Online Stores (Bookfinder.com) Open Library (openlibrary.org)

Exporting to Dublin Core...

SOUTHVILLE LIBRARY

Southville International School and Colleges Library

1281 Tropical Ave. Cor. Luxembourg St., BF Homes International, Las Pinas City

Tel. No. 8256374 / 252358 Loc. 117/146

Powered by Koha